| 000 | 00705nam a2200181Ia 4500 | ||
|---|---|---|---|
| 008 | 090630s9999 xx 000 0 und d | ||
| 082 | _b11214 | ||
| 100 | _aरघुवंशी रमेश. | ||
| 245 |
_aडॉ. आंबेडकरांचे गाजलेले लेख. _cरघुवंशी रमेश. |
||
| 260 | _bरघुवंशी. | ||
| 300 | _a175 | ||
| 600 | _aरघुवंशी रमेश. | ||
| 630 | _aडॉ. आंबेडकरांचे गाजलेले लेख. | ||
| 655 | _aइतर. | ||
| 700 | _aरघुवंशी रमेश. | ||
| 730 | _aडॉ. आंबेडकरांचे गाजलेले लेख. | ||
| 942 | _cBOOK | ||
| 999 |
_c263070 _d263070 |
||